Colección diplomática de San Salvador de Oña : (Record no. 184574)

MARC details
000 -LEADER
campo de control de longitud fija 00920nam a2200205 i 4500
001 - NÚMERO DE CONTROL
campo de control 184574
003 - IDENTIFICADOR DE NÚMERO DE CONTROL
campo de control ES-MaACL
005 - FECHA Y HORA DE LA ÚLTIMA TRANSACCIÓN
campo de control 20231227062637.0
008 - DATOS DE LONGITUD FIJA--INFORMACIÓN GENERAL
campo de control de longitud fija 151023s1950 sp |||| | spa d
245 00 - MENCIÓN DEL TÍTULO
Título Colección diplomática de San Salvador de Oña :
Resto del título (822-1284) /
Mención de responsabilidad, etc. prólogo del Excmo. Sr. D. Ramón Menéndez Pidal.
260 ## - PUBLICACIÓN, DISTRIBUCIÓN, ETC.
Lugar de publicación, distribución, etc. Madrid :
Nombre del editor, distribuidor, etc. [s.n.],
Fecha de publicación, distribución, etc. 1950 (
Fabricante Estades)
300 ## - DESCRIPCIÓN FÍSICA
Extensión 2 v. ;
Dimensiones 25 cm.
505 8# - NOTA DE CONTENIDO CON FORMATO
Nota de contenido con formato Contiene: Tomo I: 822-1214.- XLIX + 486 pág. + 1 hoj. + 1 map. + lám. I-XIX -- Tomo II: 1215-1283... 2 hoj. + pág. desde 287 a 1027 + 1 hoj.
594 ## - Nota al título y mención de responsabilidad
Nota al título y mención de responsabilidad Precede al tit.: Consejo Superior de Investigaciones Científicas. Escuela de Estudios Medievales... Juan del Alamo.
651 #4 - PUNTO DE ACCESO ADICIONAL DE MATERIA--NOMBRE GEOGRÁFICO
Nombre geográfico Castilla (Reino)-
Subdivisión general Historia-
Subdivisión de forma Fuentes.
9 (RLIN) 146746
700 1# - ENTRADA AGREGADA--NOMBRE PERSONAL
Nombre de persona Menéndez Pidal, Ramón,
Fechas asociadas al nombre 1869-1968
9 (RLIN) 80315
852 ## - LOCALIZACIÓN
Ubicación ES-MaACL
Número de control de estantería D-6797-98
852 ## - LOCALIZACIÓN
Ubicación ES-MaACL
Número de control de estantería D-7321-22
Holdings
Estatus retirado Estado de pérdida Estado de daño No para préstamo Biblioteca de origen Biblioteca actual Ubicación en estantería Fecha de adquisición Fuente de adquisición Total de préstamos Signatura topográfica completa Código de barras Visto por última vez Precio de reemplazo Tipo de ítem Koha
        Biblioteca del Ateneo de Madrid Biblioteca del Ateneo de Madrid Sala Valle Inclán 23/10/2015     D-6797-98 901194322 23/02/2023 23/02/2023 Libro impreso
        Biblioteca del Ateneo de Madrid Biblioteca del Ateneo de Madrid Sala Valle Inclán 23/10/2015     D-7321-22 901194323 23/02/2023 23/02/2023 Libro impreso